000 00382nam a2200157Ia 4500
008 230524s9999 xx 000 0 und d
082 _a537
_bKAN
100 _aSrinivas R.Kandula
245 0 _aStrategic Human Resource Development
250 _aIST
260 _aNEW DELHI
_bPHI
_c2009
300 _aV;381
500 _aQuantity Number: 2
650 _aManagement
942 _cBK
999 _c45960
_d45960